Бизнес логистика (Запис номер 347531)
[ съкратено ]
| 000 -Лидер | |
|---|---|
| Контролно поле с фиксирана дължина | 01972nam a2200409 c 4500 |
| 003 - Код на организацията, давaща контролен номер | |
| Контролно поле | BLK |
| 005 - Дата и час на последна редакция | |
| Контролно поле | 20240212151508.0 |
| 008 - Елементи от данни с фиксирана дължина | |
| fixed length control field | 180411b bul|||||r ||||||| ||bul|| |
| 010 ## - Наследен системен номер | |
| LC control number | KNG00188067000 |
| 020 ## - Международен стандартен номер на книга ISBN | |
| Международен стандартен номер на книга ISBN | 9786192320744 |
| 040 ## - Източник на каталожния запис | |
| Идентификатор на билиотеката - собственик на записа | BLK |
| 041 ## - Код за език | |
| Код за езика на текст/звукозапис или на отделно заглавие | Български |
| Код за езика КДБФ | Български |
| 072 #7 - Код за тематичната категория | |
| Код организация | bullib |
| Код за тематична категория | Н33 |
| Текст | Икономика Н |
| 080 ## - УДК | |
| Текстов определител УДК | Общи въпроси на производството (Организация на производствения процес вж 658.5) |
| УДК код - определител по УДК | 338.3 |
| УДК определител | (075.8) |
| УДК - код + определител | 338.3(075.8) |
| 080 ## - УДК | |
| Текстов определител УДК | Управление и администрация на предприемачеството. Организация на търговията |
| УДК код - определител по УДК | 658 |
| УДК определител | (075.8) |
| УДК - код + определител | 658(075.8) |
| 080 ## - УДК | |
| Текстов определител УДК | Общи въпроси на търговията. Пазар |
| УДК код - определител по УДК | 339.1 |
| УДК определител | (075.8) |
| УДК - код + определител | 339.1(075.8) |
| 100 1# - Редна дума - Автор | |
| Автор | Раковска, Мирослава Атанасова |
| Авторска отговорност | първи автор |
| R(LIN) | 341724 |
| 139 ## - Редно поле | |
| Редна дума | Раковска, Мирослава Атанасова и др. |
| Авторски знак | Рако - Р 31 |
| 245 10 - Сведения за заглавието | |
| Заглавие | Бизнес логистика |
| Редно поле (дума) | Мирослава Атанасова Раковска; Николай Драгомиров; Камен Миланов Луканов. |
| 257 ## - Страна на издаване | |
| Страна на създаване/издаване | България |
| 260 ## - Област на издателските данни | |
| Име на издателя, разпространителя и проч. | Изд. комплекс - УНСС |
| Година на издаване | 2018 |
| 9 (RLIN) | 395606 |
| Място на издаване, разпространение и проч. | София |
| 300 ## - Физическа характеристика | |
| Страници | 300 с. |
| Илюстрации и др. | с ил., сх. |
| Размери/Мащаб | 24 см |
| 380 ## - Жанр | |
| Жанр | Обществени науки |
| 500 ## - Общи забележки | |
| Забележка | Изд. на УНСС. - Библиогр. след отд. гл. и под линия. |
| 650 #4 - Допълнително описание по предмет – тема | |
| Основно описание – тема или топоним | Логистика (икономика) |
| 9 (RLIN) | 263742 |
| 653 ## - Ключова дума – ненормативна | |
| Ключова дума | логистични процеси |
| 659 ## - Тематичен бюлетин | |
| Тематичен бюлетин | Н |
| 700 ## - Други автори (авторска отговорност) | |
| Лично име | Драгомиров, Николай |
| Автороска отговорност (Описва отношението между автора и произведението) | съавт. |
| 9 (RLIN) | 1445 |
| 700 ## - Други автори (авторска отговорност) | |
| 9 (RLIN) | 363723 |
| Лично име | Луканов, Камен Миланов |
| Автороска отговорност (Описва отношението между автора и произведението) | съавт. |
| 856 4# - Електронен адрес и достъп | |
| Електронен формат | pdf - файл |
| 856 4# - Електронен адрес и достъп | |
| Електронен формат | pdf - файл |
| 999 ## - СИСТЕМНИ КОНТРОЛНИ НОМЕРА | |
| Koha biblionumber | 347531 |
| Koha biblioitemnumber | 347531 |
| 942 ## - АРТИКУЛИ | |
| Вид на библиотечния материал | Книги |
| Скрит в OPAC | Не |
| Koha issues (borrowed), all copies | 4 |
| Периодичен библиозапис | Да |
| 944 ## - СЪЗДАВАНЕ И РЕДАКЦИЯ на ЗАПИСА | |
| Създаване/Редакция | Създаване |
| Дата на регистрацията/редакция | 30.05.2016 |
| Служител, извършил регистрацията/редакцията | 30564 |
| Статус, дата на статуса | Галина Якимова |
| 944 ## - СЪЗДАВАНЕ И РЕДАКЦИЯ на ЗАПИСА | |
| Създаване/Редакция | Редакция |
| Дата на регистрацията/редакция | 16.08.2016 |
| Служител, извършил регистрацията/редакцията | Геновева_Генчева |
| 999 ## - СИСТЕМНИ КОНТРОЛНИ НОМЕРА | |
| Koha biblioitemnumber | 347531 |
| 999 ## - СИСТЕМНИ КОНТРОЛНИ НОМЕРА | |
| Koha biblioitemnumber | 179288 |
| Код за отписване | Код за изгубен артикул | Източник на класификационната схема | Код за повреда | Коз за рестрикции | Код за отдаване | Артикулен № | Име на библиотеката - собственик | Име на библиотеката, в която се намира в момента | Статус (Текущо местоположение) | Дата на вписване в системата | Местоположение - отдел | Цена в лева | Систематично азбучна сигнатура | Баркод | Цена в евро | Служебен тип на артикула |
|---|---|---|---|---|---|---|---|---|---|---|---|---|---|---|---|---|
| Не е изгубен | Universal Decimal Classification | Не е повреден | само за читалня | ползва се в читалня | 753341 | Регионална библиотека "Любен Каравелов" Русе | Регионална библиотека "Любен Каравелов" Русе | Читалня | 2020-01-09 | Читалня | 11.18 | Ч 338/Р 31 | 120000840974 | 5.72 | Книги | |
| Не е изгубен | Universal Decimal Classification | Не е повреден | без рестрикции | заемане за дома | 753342 | Регионална библиотека "Любен Каравелов" Русе | Регионална библиотека "Любен Каравелов" Русе | Заемна - подръчен фонд | 2020-01-09 | Заемна - подръчен фонд | 11.18 | П 338/Р 31 | 120000840975 | 5.72 | Книги |